00686nam a2200157Ia 4500008004100000100003200041245008300073245012500156260005300281260001800334300000800352650001500360856006100375999001900436952007300455170221s9999 xx 000 0 und d aEvgeny Vasilyevich Shirshov aInnovative Methods in the Educational Processes of Contemporary Higher School  cEvgeny Vasilyevich Shirshov, Tatyana Sergeevna Butorina, Valentina Nickolaevna Novikova, Churbanov Alexander Leonidovich bInternational Review of Management and Marketing cDecember 2014 a6:2 xMarketing. uhttp://www.econjournals.com/index.php/irmm/issue/view/75 c310211d310211 001040aCLbCLd2017-02-21l0r2017-02-21 00:00:00w2017-02-21yFOJ